000 00457nam a22001697a 4500
003 NUST - PNEC
005 20170116181052.0
008 150929b xxu||||| |||| 00| 0 eng d
020 _a9788173717178
040 _cLIBRARY
082 _a671.37 UPA
100 _911937
_aUpadhyaya, Anish
245 _aPowder metallurgy : science, technology and materials
_cAnish Upadhyaya
260 _c2011
650 _911938
_aPowder metallurgy
_xME
942 _2ddc
_cBK
999 _c68434
_d68434